| 000 | 00823nam a2200277 i 4500 | ||
|---|---|---|---|
| 001 | 53046 | ||
| 003 | ES-MaACL | ||
| 005 | 20230906162709.0 | ||
| 007 | t| | ||
| 008 | 031006s1997 sp ||||0| spa j | ||
| 020 | _a84-233-2852-X | ||
| 040 |
_aM-BN _bspa _cM-BN |
||
| 080 | _a114 | ||
| 080 | _a530.1 | ||
| 100 | 1 |
_aRibas Massana, Albert. _996729 |
|
| 245 | 1 | 0 |
_aBiografía del vacío _b: su historia filosófica y científica desde la antigüedad a la edad moderna / _cAlbert Ribas Massana. |
| 250 | _a1ª ed. | ||
| 260 |
_aBarcelona : _bDestino, _c1997. |
||
| 300 |
_a490 p ; _c21 cm. |
||
| 490 | 1 |
_aEnsayos/Destino ; _v35 |
|
| 504 | _aBibliografía: p. 443-472. | ||
| 650 | 1 | 4 |
_aVacío. _917725 |
| 830 | 0 |
_aEnsayos/Destino ; _v35 _9179023 |
|
| 852 |
_aES-MaACL _jL-26524 _bR.132954 |
||
| 999 |
_c53046 _d53046 |
||